PŚ w skokach narciarskich 24/25 - Statystyki

Ogólne statystyki
  • Ten quiz został rozwiązany 185 razy
  • Średni wynik to 13 z 17
Answers on the Grid
Answers color-coded by a green-red scale on the quiz's grid according to % correct below.
Polska
Norwegia
Niemcy
Korea Południowa
Japonia
Austria
Słowacja
Słowenia
USA
Hiszpania
Włochy
Francja
Szwecja
Czechy
Finlandia
Wielka Brytania
Kazachstan
Turcja
Chiny
Bułgaria
Szwajcaria
Rosja
Estonia
Ukraina
Azerbejdżan
Kanada
Holandia
Hiszpania
Uganda
Białoruś
 
Statystyki odpowiedzi
Odpowiedź % Poprawnych
Norwegia
100%
Polska
100%
Niemcy
96%
Japonia
90%
Austria
85%
Słowenia
83%
Finlandia
75%
Francja
75%
USA
73%
Bułgaria
67%
Szwajcaria
67%
Włochy
67%
Estonia
65%
Czechy
63%
Kazachstan
58%
Turcja
52%
Ukraina
52%
Nie znaleziono quizów pasujących do podanych kryteriów
Rozkład punktacji
Procent ludzi z każdym wynikiem
Percentyl według liczby udzielonych odpowiedzi
Twoja historia wyników
Nie rozwiązałeś tego quizu